Statistics for First Goalscorers in FIFA World Cups

Click here to take the quiz!

General Stats

  • This quiz has been taken 24 times
  • The average score is 4 of 22

Answer Stats

HintCountryAnswer% Correct
2022EcuadorEnner Valencia
83%
2014Brazil (Own Goal)Marcelo
52%
2010South AfricaSiphiwe Tshabalala
52%
2006GermanyPhilipp Lahm
43%
2002SenegalBouba Diop
35%
1966BrazilPele
35%
1994GermanyJürgen Klinsmann
26%
1950BrazilAdemir
13%
1990CameroonFrancois Omam-Biyik
13%
2018RussiaYuri Gazinsky
13%
1986ItalyAlessandro Altobelli
9%
1998BrazilCesar Sampaio
9%
1958Sweden / ArgentinaTore Simonsson / Oreste Corbatta
9%
1978FranceBernard Lacombe
4%
1970BulgariaDinkno Dermendzhiev
4%
1934ArgentinaErnesto Belis
4%
1982BelgiumErwin Vandenbergh
4%
1938GermanyJosef Gauchel
4%
1930FranceLucien Laurent
4%
1954YugoslaviaMilos Milutinovic
4%
1974West GermanyPaul Breitner
4%
1962Switzerland / ArgentinaRolf Wuthrich / Hector Facundo
4%

Score Distribution

Percentile by Number Answered

Percent of People with Each Score

Your Score History

You have not taken this quiz